Szczegóły MARC21

Literatura Grecji starożytnej. 1, Epika - liryka - dramat /

003 -Nazwa inst., której nr kontr. jest w polu 001 [,]
    • @
    • Nazwa instytucji, której n kontrolny jest w polu 001
    • NUKAT
005 -DATA I CZAS OSTATNIEJ MODYFIKACJI [,]
    • @
    • pole kontrolne
    • 20241231115146.0
020 -Międzynarod. znormalizowany nr książki - ISBN [ , ]
    • a
    • Numer ISBN
    • 837306172X Find
040 -Instytucja sporządzająca opis [ , ]
    • a
    • Instytucja, która sporządziła opis (NP)
    • LUBL KUL/IP
    • c
    • Instytucja, która sporządziła rekord (NP)
    • LUBL KUL/IP
    • d
    • Instytucja, która zmodyfikowała rekord (P)
    • LUBL KUL/IP
    • d
    • Instytucja, która zmodyfikowała rekord (P)
    • LUBL KUL/IPs
    • d
    • Instytucja, która zmodyfikowała rekord (P)
    • WA N/PBmws
942 -Rodzaj dokumentu [ , ]
    • c
    • Rodzaj dokumentu
    • Książka
245 -Strefa tytułu i oznaczenia odpowiedzialności [0,0]
    • a
    • Tytuł
    • Literatura Grecji starożytnej. Find
    • n
    • Oznaczenie części (P)
    • 1,
    • p
    • Nazwa części (P)
    • Epika - liryka - dramat /
    • c
    • Pozostałe elementy strefy tytułu i oznaczenia odpowiedzialności (NP)
    • pod red. Henryka Podbielskiego.
260 -Strefa adresu wydawniczego [ , ]
    • a
    • Miejsce wydania (P)
    • Lublin :
    • b
    • Nazwa wydawcy (P)
    • Towarzystwo Naukowe Katolickiego Uniwersytetu Lubelskiego,
    • c
    • Data wydania (P)
    • 2005.
300 -Strefa opisu fizycznego [ , ]
    • a
    • Określenie formy książki i/lub objętość (NP)
    • VII, [1], 955, [1] s. ;
    • c
    • Format (NP)
    • 25 cm.
336 -Typ zawartości [ , ]
    • a
    • Termin opisujący typ zawartości
    • Tekst
    • b
    • Kod określający zawartość
    • txt
    • 2
    • Źródło (terminu i kodu)
    • rdacontent
337 -Typ mediów [ , ]
    • a
    • Tryb odtwarzania
    • Bez urządzenia pośredniczącego
    • b
    • Kod typu mediów
    • n
    • 2
    • Źródło (terminu i kodu)
    • rdamedia
338 -Typ/rodzaj nośnika [ , ]
    • a
    • Hasło opisujące typ nośnika
    • Wolumin
    • b
    • Kod typu nośnika
    • nc
    • 2
    • Źródło (terminu i kodu)
    • rdacarrier
490 -Strefa serii i książki wielotomowej - forma nie do wyszukiwania [1, ]
    • a
    • Tytuł (P)
    • Źródła i Monografie / Towarzystwo Naukowe Katolickiego Uniwersytetu Lubelskiego ; Find
    • v
    • Numeracja (P)
    • 255
830 -Hasło dodatkowe serii i opisu książki wielotomowej - tytuł ujednolicony/tytuł [ ,0]
    • a
    • Tytuł ujednolicony/tytuł (NP)
    • Źródła i Monografie - Towarzystwo Naukowe Katolickiego Uniwersytetu Lubelskiego
    • x
    • ISSN
    • 0860-3367
    • v
    • Oznaczenie tomu (NP)
    • 255
    • 9
    • KHW
    • 23474
504 -Uwaga dot. bibliogr. załącznikowej [ , ]
    • a
    • Uwaga dot. bibliografii załącznikowej
    • Bibliogr. po pracach. Indeks.
080 -Uniwersalna Klasyfikacja Dziesiętna [ , ]
    • 2
    • Identyfikator wydania tablic
    • UDC-P022
    • a
    • Symbol klasyfikacji
    • 821.14'02(091)
    • b
    • Dopowiedzenie
    • Historia literatury greckiej klasycznej.
650 -Hasło przedmiotowe [ ,7]
    • a
    • Hasło przedmiotowe
    • Literatura grecka
    • x
    • Określnik rzeczowy
    • historia i krytyka.
    • 2
    • Źródło terminu
    • kaba
    • 9
    • KHW
    • 361502
650 -Hasło przedmiotowe [ ,7]
    • a
    • Hasło przedmiotowe
    • Literatura grecka
    • 2
    • Źródło terminu
    • DBN
    • 9
    • KHW
    • 735588
658 -Ujęcie treści [ , ]
    • a
    • dziedzina nauki i sztuki/ sfera aktywności życiowej
    • Literaturoznawstwo
980 -Symbol UKD [ , ]
    • a
    • UKD
    • 821.14'02(091)
700 -Hasło dodatkowe - nazwa osobowa [1, ]
    • a
    • Nazwa osobowa (NP)
    • Podbielski, Henryk Find
    • d
    • Daty biograficzne (NP)
    • (1939- ).
    • e
    • Określenie rodzaju współpracy
    • Red.
    • 9
    • KHW
    • 28312
920 -ISBN [ , ]
    • a
    • ISBN
    • 83-7306-172-X Find
Numer inwentarzowy Data inwentaryzacji Sygnatura Status udost. Lokalizacja
Z.1058782006-03-06Z.1058781BG
P.202612006-10-18POL. Literatura klasyczna 051BM